Auswählen #1 - Statistiken

Allgemein
  • Dieses Quiz wurde 65 mal gespielt
  • Das Durchschnittsergebnis liegt bei 30 aus 45
Antwortstatistiken
Frage Kachel Select % Korrekt
Inseln, die größer sind als Mallorca. Helgoland Nein
98%
Inseln, die größer sind als Mallorca. Madagaskar Ja
98%
Inseln, die größer sind als Mallorca. Sylt Nein
95%
Inseln, die größer sind als Mallorca. Sizilien Ja
89%
Kabinettsmitglieder, die älter sind als Robert Habeck. Annalena Baerbock Nein
88%
Inseln, die größer sind als Mallorca. Kuba Ja
88%
Kabinettsmitglieder, die älter sind als Robert Habeck. Olaf Scholz Ja
88%
Kabinettsmitglieder, die älter sind als Robert Habeck. Karl Lauterbach Ja
84%
Kabinettsmitglieder, die älter sind als Robert Habeck. Boris Pistorius Ja
82%
Kabinettsmitglieder, die älter sind als Robert Habeck. Marco Buschmann Nein
82%
Sportler, die früher erstmals "Sportler des Jahres" wurden als Sebastian Vettel. Jan Ullrich Ja
81%
Städte, die näher an der Quelle des Rheins liegen als Speyer. Krefeld Nein
81%
römischen Zahlen, die nach der Zahl DIV kommen. MDC Ja
81%
Inseln, die größer sind als Mallorca. Sri Lanka Ja
81%
Sportler, die früher erstmals "Sportler des Jahres" wurden als Sebastian Vettel. Boris Becker Ja
79%
Städte, die näher an der Quelle des Rheins liegen als Speyer. Duisburg Nein
74%
römischen Zahlen, die nach der Zahl DIV kommen. MLX Ja
74%
Sportler, die früher erstmals "Sportler des Jahres" wurden als Sebastian Vettel. Niklas Kaul Nein
74%
römischen Zahlen, die nach der Zahl DIV kommen. XCV Nein
74%
Sportler, die früher erstmals "Sportler des Jahres" wurden als Sebastian Vettel. Henry Maske Ja
72%
Städte, die näher an der Quelle des Rheins liegen als Speyer. Bonn Nein
70%
römischen Zahlen, die nach der Zahl DIV kommen. CD Nein
70%
römischen Zahlen, die nach der Zahl DIV kommen. XLV Nein
70%
römischen Zahlen, die nach der Zahl DIV kommen. CDI Nein
68%
Städte, die näher an der Quelle des Rheins liegen als Speyer. Düsseldorf Nein
67%
Inseln, die größer sind als Mallorca. Gran Canaria Nein
65%
Kabinettsmitglieder, die älter sind als Robert Habeck. Christian Lindner Nein
63%
Inseln, die größer sind als Mallorca. Bali Ja
61%
Inseln, die größer sind als Mallorca. Kreta Ja
61%
Städte, die näher an der Quelle des Rheins liegen als Speyer. Köln Nein
60%
Sportler, die früher erstmals "Sportler des Jahres" wurden als Sebastian Vettel. Sven Hannawald Ja
60%
römischen Zahlen, die nach der Zahl DIV kommen. CLV Nein
58%
Städte, die näher an der Quelle des Rheins liegen als Speyer. Karlsruhe Ja
58%
Kabinettsmitglieder, die älter sind als Robert Habeck. Cem Özdemir Ja
56%
Städte, die näher an der Quelle des Rheins liegen als Speyer. Mainz Nein
54%
römischen Zahlen, die nach der Zahl DIV kommen. LXV Nein
53%
römischen Zahlen, die nach der Zahl DIV kommen. CMX Ja
51%
Sportler, die früher erstmals "Sportler des Jahres" wurden als Sebastian Vettel. Robert Harting Nein
51%
Städte, die näher an der Quelle des Rheins liegen als Speyer. Koblenz Nein
49%
Sportler, die früher erstmals "Sportler des Jahres" wurden als Sebastian Vettel. Michael Groß Ja
49%
Sportler, die früher erstmals "Sportler des Jahres" wurden als Sebastian Vettel. Eberhard Gienger Ja
46%
Sportler, die früher erstmals "Sportler des Jahres" wurden als Sebastian Vettel. Georg Meier Ja
28%
Kabinettsmitglieder, die älter sind als Robert Habeck. Hubertus Heil Nein
28%
Städte, die näher an der Quelle des Rheins liegen als Speyer. Mannheim Nein
25%
Kabinettsmitglieder, die älter sind als Robert Habeck. Lisa Paus Ja
18%
Keine übereinstimmenden Quizze gefunden
Verteilung der Resultate
Anzahl Personen mit jedem Resultat
Perzentil nach korrekt beantworteten Fragen
Ihre Resultats-Entwicklung
Sie haben dieses Quiz noch nicht gespielt